Life and work of M. S. Swaminathan towards a hunger-free world (Record no. 4880)
[ view plain ]
| 000 -LEADER | |
|---|---|
| fixed length control field | 00613 a2200181 4500 |
| 010 ## - LCCN (DPL NO) | |
| LC control number | ENG-86644 |
| 020 ## - INTERNATIONAL STANDARD BOOK NUMBER | |
| Terms of availability | 600.00 |
| International Standard Book Number | 8188661333 |
| 035 ## - SYSTEM CONTROL NUMBER | |
| System control number | EN-70177 |
| 037 ## - SOURCE OF ACQUISITION | |
| Source of stock number/acquisition | DBAD / PUB |
| 082 14 - DEWEY DECIMAL CLASSIFICATION NUMBER | |
| Classification number | 921 |
| 245 1# - TITLE STATEMENT | |
| Title | Life and work of M. S. Swaminathan towards a hunger-free world |
| Statement of responsibility, etc | compiled and edited by Anwar Dil |
| 260 ## - PUBLICATION, DISTRIBUTION, ETC. (IMPRINT) | |
| Place of publication, distribution, etc | Chennai |
| Name of publisher, distributor, etc | East West Books (Madras) |
| Date of publication, distribution, etc | 2005 |
| 270 ## - ADDRESS | |
| Address | 571, Poonamalle High Road, Aminjikarai |
| City | Chennai |
| Postal code | 600 026 |
| Electronic mail address | ewb@airtelbraodband.in |
| 300 ## - PHYSICAL DESCRIPTION | |
| Extent | 640 p |
| Dimensions | 23 cm (Pbk) |
| Other physical details | photos |
| 500 ## - GENERAL NOTE | |
| General note | includes index |
| 700 1# - ADDED ENTRY--PERSONAL NAME | |
| Personal name | Anwar Dil |
| 942 ## - ADDED ENTRY ELEMENTS (KOHA) | |
| Institution code [OBSOLETE] | dpl |
| Item type | English Books |
| Source of classification or shelving scheme | Dewey Decimal Classification |
| Classification part | 921 |
| Call number suffix | SWA |
| Withdrawn status | Lost status | Not for loan | Collection code | Home library | Current library | Source of acquisition | Cost, normal purchase price | Full call number | Barcode | Copy number | Cost, replacement price | Koha item type |
|---|---|---|---|---|---|---|---|---|---|---|---|---|
| Not For Loan | Non-fiction | D.B.Act.Division | D.B.Act.Division | DBAD/PUB | 600.00 | 921 SWA | EN-70177 | 1 | 600.00 | English Books |
